[Event "Oberpfalz-ch M3"]
[Site "Roding"]
[Date "2010.03.28"]
[Round "3"]
[White "Mueller, Paul1111"]
[Black "Eckert, Iwan"]
[Result "1/2-1/2"]
[WhiteElo "852"]
[BlackElo "778"]
[PlyCount "25"]
[EventDate "2010.03.27"]
[EventType "swiss"]
[EventRounds "8"]
[EventCountry "GER"]
[SourceTitle "EXT 2012"]
[Source "ChessBase"]
[SourceDate "2011.11.24"]
[SourceVersion "1"]
[SourceVersionDate "2011.11.24"]
[SourceQuality "1"]

1. e4 e6 2. d4 d6 3. Nf3 Nf6 4. Bg5 Nc6 5. Bb5 a6 6. Ba4 Be7 7. d5 h6 8. Bxf6 Bxf6 9. Nc3 b5 10. Bb3 Na5 11. e5 Nxb3 12. axb3 b4 13. Ne2 1/2-1/2